000 00741nam a2200229 i 4500
001 30200
003 ES-MaACL
005 20230906154144.0
007 t|
008 030123s1973 sp ||||1| spa d
100 1 _aBarth, Karl.
_926105
245 1 3 _aLa revelación como abolición de la religión /
_cKarl Barth ; [la traducción por Carlos Castro ; revisada por Daniel Vidal].
260 _a[Barcelona :
_bFontanella,
_c1973]
300 _a220 p. ;
_c18 cm.
490 1 _aColección Nuevas Fronteras
650 0 4 _aRevelación.
_916895
700 1 _aCastro, Carlos.
_936837
700 1 _aVidal, Daniel.
_9114417
830 0 _aColección Nuevas Fronteras
_9229327
852 _aES-MaACL
_jC-53512
_bR.85169
999 _c30200
_d30200